000 00628cam a22002293a 4500
001 16558
003 PGUSA
005 20140828083343.0
008 050820s2005||||xxu|||||s|||||000 1 eng d
040 _aPGUSA
_beng
042 _adc
050 4 _aPS
100 1 _aKing, Charles,
_d1844-1933
245 1 0 _aFrom the Ranks
_h[electronic resource] /
_cCharles King
260 _bProject Gutenberg,
_c2005
506 _aPublic domain in the USA.
516 _aElectronic text
653 _aUnited States. Army -- Fiction
830 0 _aProject Gutenberg
_v16558
856 4 0 _uhttp://www.gutenberg.org/ebooks/16558
942 _cEB
999 _c245813
_d245813